Pokemon protagonists and rivals - Statistics

General Stats
  • This quiz has been taken 58 times
  • The average score is 47 of 95
Answer Stats
Answer % Correct
G3 Ash Ketchum
97%
G2 Blue
97%
G1 Dawn
97%
G3 Dawn
97%
G1 May
97%
G2 May
97%
G3 May
97%
G1 Red
97%
G3 Misty
94%
G3 Brock
91%
G2 Gary Oak
82%
G1 Serena
82%
G2 Serena
82%
G3 Serena
82%
G3 Iris
76%
G2 Barry
71%
G1 Ethan
71%
G1 Leaf
71%
G3 Max
71%
G2 Silver
71%
G3 Bonnie
68%
G3 Clemont
68%
G3 Goh
68%
G3 Lana
68%
G2 N
68%
G1 Brendan
62%
G2 Brendan
62%
G3 Lillie
62%
G1 Lucas
62%
G1 Lyra
62%
G2 Paul
62%
G3 Pikachu
62%
G3 Cilan
59%
G3 Tracey Sketchit
59%
G3 Chloe
56%
G2 Hau
56%
G3 Kiawe
56%
G1 Kris
56%
G3 Mallow
56%
G1 Calem
53%
G2 Calem
53%
G1 Hilda
53%
G2 Hop
50%
G3 Sophocles
50%
G1 Gloria
47%
G1 Hilbert
47%
G1 Nate
47%
G2 Wally
47%
G2 Bianca
44%
G2 Gladion
44%
G1 Juliana
44%
G1 Rosa
44%
G1 Selene
44%
G2 Shauna
44%
G2 Tierno
44%
G1 Victor
44%
G1 Elio
41%
G1 Florian
41%
G2 Marnie
41%
G2 Nemona
38%
G2 Alain
35%
G2 Bede
35%
G1 Chase
35%
G2 Cheren
32%
G2 Drew
32%
G2 Harrison
32%
G2 Leon
32%
G2 Trip
32%
G2 Zoey
32%
G1 Elaine
29%
G2 Hugh
29%
G1 Rei
29%
G2 Trevor
29%
G1 Akari
26%
G2 Cameron
26%
G2 Miette
26%
G2 Ritchie
26%
G2 Sawyer
26%
G2 Klara
24%
G2 Avery
21%
G2 Bea
21%
G2 Georgia
21%
G2 Kenny
21%
G2 Nando
21%
G2 Tyson
21%
G2 Burgundy
18%
G2 Conway
18%
G2 Harley
18%
G2 Morrison
18%
G2 Solidad
18%
G2 Stephan
18%
G2 Nini
15%
G2 Ursula
12%
G2 Aria
6%
G2 Horace
6%
No matching quizzes found
Score Distribution
Percent of People with Each Score
Percentile by Number Answered
Your Score History
You have not taken this quiz